Statistics for Countries by Major Brands

Click here to take the quiz!

General Stats

  • This quiz has been taken 39 times
  • The average score is 13 of 16

Answer Stats

Answer% Correct
United States of America
100%
Japan
97%
France
94%
South Korea
94%
United Kingdom
94%
Australia
91%
Italy
91%
Russia
89%
Sweden
89%
Canada
86%
Switzerland
86%
Finland
83%
Germany
74%
India
66%
Estonia
46%
Philippines
34%

Score Distribution

Percentile by Number Answered

Percent of People with Each Score

Your Score History

You have not taken this quiz